Culture Générale - Série 1304 - Statistiques

Statistiques générales
  • Ce quiz a été pris 83 fois
  • Le résultat moyen est 5 sur 10
Statistiques - réponses
Question Réponse % Correct
Dans quel pays nordique les médecins prescrivent-ils des tickets gratuits pour des évènements culturels ? Finlande
90%
Quel pays d'Amérique du Sud n'a pas de frontière avec le Brésil ? Chili
83%
Dans quel pays laisse-t-on du porridge pour la version locale du Père Noël ? Norvège
81%
Quelle mer se situe entre le Royaume-Uni et la Norvège ? mer du Nord
70%
Quel pourcentage de la Turquie se trouve géographiquement en Asie ? 95 %
48%
Apprécié pour sa chair sucrée, ce poisson du Pacifique fait partie de la gastronomie asiatique,mais mal préparé, il peut entraîner la mort de ses consommateurs. Il est aussi appelé « poisson-globe » et « poisson-ballon » en Méditerranée orientale. fugu
38%
Quelle fête chrétienne marque la fin du carnaval de Rio de Janeiro ? Mardi gras
34%
Quel phare, situé dans l'estuaire de la Gironde, est le seul phare en mer ouvert aux visites ? phare de Cordouan
14%
De quel pays le renminbi, qui signifie "la monnaie du peuple" est-il la monnaie officielle ? Chine
12%
Quelle fête d'Amérique latine célèbre les proches et amis disparus ? Le jour des Morts
8%
Aucun quiz correspondant
Distribution des résultats
% des personnes avec chaque résultat
Percentile par nombre de réponses
Votre historique - résultats
Vous n’avez pas pris ce quiz